[Event "GER-ch op U25"]
[Site "Willingen"]
[Date "2006.06.04"]
[Round "1"]
[White "Worpenberg, Matthias"]
[Black "Gonnermann, Jan"]
[Result "0-1"]
[WhiteElo "951"]
[BlackElo "1689"]
[PlyCount "86"]
[EventDate "2006.06.04"]
[EventType "swiss"]
[EventRounds "9"]
[EventCountry "GER"]
[SourceTitle "EXT 2007"]
[Source "ChessBase"]
[SourceDate "2006.11.23"]
[SourceVersion "1"]
[SourceVersionDate "2006.11.23"]
[SourceQuality "1"]

1. e4 e5 2. Nf3 Nc6 3. Bc4 Bc5 4. Nc3 Nf6 5. d3 0-0 6. Bg5 h6 7. Bh4 Be7 8. 0-0 d6 9. a3 Be6 10. Bxf6 Bxf6 11. Nd5 Bd7 12. c3 Na5 13. Bb3 Nxb3 14. Qxb3 Bc6 15. Nxf6+ gxf6 16. Qd1 Kh7 17. Nh4 Qd7 18. Qh5 Rg8 19. Nf5 Rg6 20. Nh4 Rg5 21. Qf3 Qe6 22. Nf5 Rag8 23. h4 Rg4 24. g3 d5 25. Qe3 R4g6 26. f4 dxe4 27. dxe4 Bd7 28. h5 Rg4 29. fxe5 fxe5 30. Qd3 Qb6+ 31. Kg2 Bxf5 32. exf5 Qxb2+ 33. Kf3 Rxg3+ 34. Ke4 Rxd3 35. Kxd3 Rg3+ 36. Ke4 Qe2+ 37. Kd5 Rd3+ 38. Kc5 Rxc3+ 39. Kd5 Rd3+ 40. Kc5 Qc2+ 41. Kb5 c6+ 42. Kb4 Rd4+ 43. Ka5 Qc5# 0-1

[Event "Niedersachsen-chT U14"]
[Site "Verden"]
[Date "2006.05.27"]
[Round "6.1"]
[White "Worpenberg, Matthias"]
[Black "Kahle, Alexander"]
[Result "0-1"]
[WhiteElo "951"]
[BlackElo "1258"]
[PlyCount "98"]
[EventDate "2006.05.25"]
[EventType "team"]
[EventRounds "7"]
[EventCountry "GER"]
[SourceTitle "EXT 2007"]
[Source "ChessBase"]
[SourceDate "2006.11.23"]
[SourceVersion "1"]
[SourceVersionDate "2006.11.23"]
[SourceQuality "1"]

1. e4 c5 2. Nf3 Nc6 3. d4 cxd4 4. Nxd4 g6 5. Bc4 Bg7 6. Nf3 Nf6 7. Nc3 0-0 8. Bf4 d6 9. Qd2 Ng4 10. h3 Nge5 11. Be2 Be6 12. Bh6 Qb6 13. Na4 Nxf3+ 14. Bxf3 Qb5 15. Bxg7 Kxg7 16. b3 Rac8 17. Be2 Qe5 18. 0-0 Qxe4 19. Nc3 Qd4 20. Qe1 Nb4 21. Nb5 Qc5 22. c4 a6 23. Na3 Kg8 24. Qc1 Rfd8 25. Rd1 Bf5 26. Bf3 Rc7 27. Re1 Nd3 28. Qg5 Nxe1 29. Rxe1 Be6 30. Qc1 Rdc8 31. Be2 d5 32. Kf1 b5 33. Kg1 dxc4 34. bxc4 Bxc4 35. Nxc4 bxc4 36. Bg4 e6 37. Bf3 c3 38. Re3 Qb5 39. Be2 Qb2 40. Qxb2 cxb2 41. Rb3 Rc1+ 42. Kh2 b1Q 43. Rxb1 Rxb1 44. Bxa6 Ra8 45. Bd3 Rb2 46. Bc4 Rxf2 47. Bb3 e5 48. a4 e4 49. Bd5 Rxa4 0-1

[Event "Niedersachsen-chT U14"]
[Site "Verden"]
[Date "2006.05.26"]
[Round "4.1"]
[White "Worpenberg, Matthias"]
[Black "Trumpa, Jan"]
[Result "0-1"]
[WhiteElo "951"]
[BlackElo "1259"]
[PlyCount "82"]
[EventDate "2006.05.25"]
[EventType "team"]
[EventRounds "7"]
[EventCountry "GER"]
[SourceTitle "EXT 2007"]
[Source "ChessBase"]
[SourceDate "2006.11.23"]
[SourceVersion "1"]
[SourceVersionDate "2006.11.23"]
[SourceQuality "1"]

1. e4 e5 2. Nf3 Nc6 3. Bc4 Be7 4. Nc3 Nf6 5. d3 0-0 6. Bg5 d6 7. h3 Be6 8. Bb5 Nb8 9. d4 a6 10. Be2 exd4 11. Nxd4 Nbd7 12. 0-0 Ne5 13. b3 Nfd7 14. Bd2 Ng6 15. Nxe6 fxe6 16. Bc4 Nf4 17. Bxf4 Rxf4 18. Bxe6+ Kh8 19. Re1 Ne5 20. Bf5 Rh4 21. Nd5 Rh6 22. Ne3 Bg5 23. Ng4 Nxg4 24. Qxg4 Rh4 25. Qg3 Bf4 26. Qf3 Be5 27. Rad1 Qe7 28. g3 Rh6 29. Kh1 Rf6 30. Qe2 Raf8 31. g4 g6 32. g5 R6f7 33. Bg4 Rxf2 34. Qc4 Qxg5 35. Rf1 Qf4 36. Rxf2 Qxf2 37. Rd2 Qe1+ 38. Kg2 Qxd2+ 39. Be2 Qe1 40. h4 Qf2+ 41. Kh3 Qg3# 0-1